Dove giocava nel 2010-2011? - Quiz n°15 - Statistics

Statistiche generali
  • Questo quiz è stato fatto 44 volte
  • Il punteggio medio è 6 su 10
Statistiche sulle risposte
Hint Risposta % Corretto
Simone Padoin Atalanta
75%
Ivan Rakitić Schalke 04
75%
Glen Johnson Liverpool
72%
Sol Campbell Newcastle Utd
66%
Marcelo Estigarribia Newell's Old Boys
66%
Miranda San Paolo
66%
Milan Djurić Ascoli
56%
Cristiano Biraghi Inter
56%
Matteo Darmian Palermo
56%
Ivan Perišić Club Bruges
53%
Nessun quiz corrispondente trovato
Distribuzione punteggi
Percentuale di utenti per punteggio
Percentile per numero di risposta
I tuoi punteggi nel tempo
Non hai fatto questo quiz